Největší města všech zemí světa - Statistics

General Stats
  • This quiz has been taken 76 times
  • The average score is 60 of 209
Answer Stats
Stát Město % Correct
Belgie (urban) Brusel
87%
Česko Praha
85%
Andorra Andorra la Vella
76%
Albánie Tirana
76%
Japonsko Tokio
76%
Německo (město) Berlín
74%
Bělorusko Minsk
73%
Rusko Moskva
71%
Slovensko Bratislava
69%
Dánsko Kodaň
68%
Francie Paříž
68%
Austrálie Sydney
68%
Alžírsko Alžír
66%
Ázerbájdžán Baku
66%
Portugalsko Lisabon
66%
Norsko Oslo
66%
Itálie (město) Řím
66%
Polsko Varšava
66%
Egypt Káhira
65%
Irsko Dublin
63%
Finsko Helsinky
63%
Afghánistán Kábul
63%
Mexiko Mexico city
63%
Bulharsko Sofie
63%
Estonsko Tallin
63%
Rakousko Vídeň
63%
Chorvatsko Záhřeb
63%
Nizozemsko (město) Amsterdam
61%
Maďarsko Budapešť
61%
Španělsko Madrid
60%
Bosna a Hercegovina Sarajevo
60%
Argentina Buenos Aires
58%
Lotyšsko Riga
58%
Rumunsko Bukurešť
56%
Ukrajina Kyjev
55%
Spojené království Londýn
53%
Bangladéš Dháka
52%
Řecko Athény
50%
USA New York
50%
Švédsko Stockholm
50%
Monako Monako
48%
Černá Hora Podgorica
48%
Island Reykjavík
48%
Čína (město) Šanghaj
47%
Indie (urban) Dillí
45%
Arménie Jerevan
45%
Izrael (město) Jeruzalém
45%
Peru Lima
45%
Slovinsko Lublaň
45%
Litva Vilnius
45%
Srbsko Bělehrad
44%
Kuba Havana
44%
Lucembursko Lucemburk
44%
Itálie (urban) Milán
44%
Kosovo Priština
44%
Izrael (urban) Tel Aviv
44%
Kanada Toronto
44%
Irák Bagdád
40%
Turecko Istanbul
40%
Indie (město) Bombaj
39%
Indonésie Jakarta
39%
Moldávsko Kišiněv
39%
Chile Santiago
39%
Brazílie São Paulo
39%
Angola Luanda
37%
Filipíny (urban) Manila
37%
Panama Panama City
37%
Vatikán Vatikán
37%
Švýcarsko Curych
35%
Tunisko Tunis
35%
Belgie (město) Antverpy
34%
Kolumbie Bogotá
34%
Jihoafrická republika Johannesburg
32%
Singapur Singapur
32%
Etiopie Addis Abeba
31%
Ekvádor (město) Quito
31%
Jižní Korea Seoul
31%
Gruzie Tbilisi
31%
Mongolsko Ulánbátar
31%
Senegal Dakar
29%
Kypr (urban) Nikósie
29%
Nizozemsko (urban) Rotterdam
29%
Lichtenštejnsko Schaan
29%
Thajsko Bangkok
27%
Sýrie (urban) Damašek
27%
Katar Dauhá
27%
Východní Timor Dili
27%
Maledivy Malé
27%
Uruguay Montevideo
27%
Severní Makedonie Skopje
27%
Nový Zéland Auckland
26%
Džibutsko Džibuti
26%
D. R. Kongo Kinshasa
26%
Pákistán Karáčí
24%
Malajsie Kuala Lumpur
24%
Keňa Nairobi
24%
Saudská Arábie Rijád
24%
Ghana Accra
23%
Jordánsko Amman
23%
Spojené arabské emiráty Dubai
23%
Nepál Káthmándú
23%
Jamaika Kingston
23%
Nigérie Lagos
23%
Bahrajn Manáma
23%
Haiti Port-au-Prince
23%
Dominikánská republika Santo Domingo
23%
Paraguay Asunción
21%
Venezuela Caracas
21%
Maroko Casablanca
21%
Salvador San Salvador
21%
Madagaskar Antananarivo
19%
Guyana Georgetown
19%
Guatemala Guatemala City
19%
Čína (urban) Kanton
19%
Omán Maskat
19%
Čad N'Djamena
19%
Burkina Faso Ouagadougou
19%
Severní Korea Pchjongjang
19%
Guinea-Bissau Bissau
18%
Sierra Leone Freetown
18%
Vietnam Ho Či Minovo město
18%
Gabon Libreville
18%
Bahamy Nassau
18%
Papua Nová Guinea Port Moresby
18%
Kostarika San José
18%
Fidži Suva
18%
Bhútán Thimphu
18%
Kazachstán Almaty
16%
Eritrea Asmara
16%
Brunei Bandar Seri Begawan
16%
Kyrgyzstán Biškek
16%
Konžská republika Brazzaville
16%
Botswana Gaborone
16%
Svatý Vincenc a Grenadiny Kingstown
16%
Zambie Lusaka
16%
Jemen Sana'a
16%
Barbados Bridgetown
15%
Guinea Conakry
15%
Tchaj-wan Taipei
15%
Irán Tehrán
15%
Laos Vientiane
15%
Mali Bamako
13%
Libanon Beirut
13%
Šrí Lanka Colombo
13%
Somálsko Mogadišu
13%
Niger Niamey
13%
Antigua a Barbuda Saint John's
13%
Honduras Tegucigalpa
13%
Gambie (urban) Banjul
11%
Zimbabwe Harare
11%
Kuwait Kuwait City
11%
Kypr (město) Limassol
11%
Togo Lomé
11%
Nikaragua Managua
11%
Libérie Monrovia
11%
Mauricius Port Louis
11%
Dominika Roseau
11%
Svatý Tomáš a Princův ostrov São Tomé
11%
Uzbekistán Taškent
11%
Turkmenistán Ašchabad
10%
Středoafrická republika Bangui
10%
Belize Belize City
10%
Burundi Gitega
10%
Uganda Kampala
10%
Malawi Lilongwe
10%
Lesotho Maseru
10%
Kambodža Phnompenh
10%
Grenada Saint George's
10%
Seychely Victoria
10%
Namibie Windhoek
10%
Kamerun (urban) Yaoundé
10%
Samoa Apia
8%
Tanzánie Dar es Salaam
8%
Kamerun (město) Douala
8%
Ekvádor (urban) Guayaquil
8%
Jižní Súdán Juba
8%
Rwanda Kigali
8%
Marshallovy ostrovy Majuro
8%
Mozambik Maputo
8%
Komory Moroni
8%
Surinam Paramaribo
8%
Kapverdy Praia
8%
Pobřeží slonoviny Abidjan
6%
Sýrie (město) Aleppo
6%
Svatá Lucie Castries
6%
Tuvalu Funafuti
6%
Svazijsko (eSwatini) Mbabane
6%
Mauritánie Nuakšott
6%
Tonga Nukuʻalofa
6%
Filipíny (město) Quezon City
6%
Bolívie Santa Cruz
6%
Malta St. Paul's Bay
6%
Myanmar (Barma) Yangon (Rangún)
6%
Svatý Kryštof a Nevis Basseterre
5%
Šalamounovy ostrovy Honiara
5%
Kiribati Jižní Tarawa
5%
Súdán (město) Omdurman
5%
San Marino Dogana
3%
Tchaj-wan Dušanbe
3%
Vanuatu Port Vila
3%
Rovníková Guinea Bata
2%
Benin Cotonou
2%
Gambie (město) Brikama
0%
Trinidad a Tobago Chaguanas
0%
Súdán (urban) Chatúm
0%
Nauru Denigomodu
0%
Palau Koror
0%
Libye Tripols
0%
Mikronésie Weno
0%
No matching quizzes found
Score Distribution
Percent of People with Each Score
Percentile by Number Answered
Your Score History
You have not taken this quiz